|
|
|
|
| LEADER |
00000naa2a2200000 4500 |
| 001 |
626395 |
| 005 |
20231101133417.0 |
| 035 |
|
|
|a (RuTPU)RU\TPU\conf\25765
|
| 035 |
|
|
|a RU\TPU\conf\25748
|
| 090 |
|
|
|a 626395
|
| 100 |
|
|
|a 20180228d2018 k y0rusy50 ca
|
| 101 |
0 |
|
|a rus
|
| 102 |
|
|
|a RU
|
| 105 |
|
|
|a y z 101zy
|
| 135 |
|
|
|a drcn ---uucaa
|
| 181 |
|
0 |
|a i
|
| 182 |
|
0 |
|a b
|
| 200 |
1 |
|
|a Сравнение PID-управления и MPC-управления при регулировании расхода нефти на выходе трехфазного сепаратора
|f А. А. Наумовская
|g науч. рук. Е. И. Громаков
|
| 203 |
|
|
|a Текст
|c электронный
|
| 225 |
1 |
|
|a Информационные технологии в производстве и управлении предприятием
|
| 230 |
|
|
|a 1 компьютерный файл (pdf; 467 Кb)
|
| 300 |
|
|
|a Заглавие с титульного экрана
|
| 320 |
|
|
|a [Библиогр.: с. 283 (4 назв.)]
|
| 463 |
|
0 |
|0 (RuTPU)RU\TPU\conf\25518
|t Молодежь и современные информационные технологии
|o сборник трудов XV Международной научно-практической конференции студентов, аспирантов и молодых учёных, 04-07 декабря 2017 г., г. Томск
|f Национальный исследовательский Томский политехнический университет, Инженерная школа информационных технологий и робототехники ; под ред. С. С. Михалевич [и др.]
|v [С. 282-283]
|d 2018
|
| 610 |
1 |
|
|a электронный ресурс
|
| 610 |
1 |
|
|a труды учёных ТПУ
|
| 610 |
1 |
|
|a управление
|
| 610 |
1 |
|
|a регулирование
|
| 610 |
1 |
|
|a расход
|
| 610 |
1 |
|
|a нефти
|
| 610 |
1 |
|
|a сепараторы
|
| 610 |
1 |
|
|a цифровые технологии
|
| 610 |
1 |
|
|a сепарация
|
| 610 |
1 |
|
|a автоматическое управление
|
| 700 |
|
1 |
|a Наумовская
|b А. А.
|
| 702 |
|
1 |
|a Громаков
|b Е. И.
|c специалист в области автоматизированных систем управления
|c доцент Томского политехнического университета, кандидат технических наук
|f 1943-
|g Евгений Иванович
|2 stltpush
|4 727
|
| 712 |
0 |
2 |
|a Национальный исследовательский Томский политехнический университет
|b Инженерная школа информационных технологий и робототехники
|b Отделение автоматизации и робототехники (ОАР)
|h 7952
|2 stltpush
|3 (RuTPU)RU\TPU\col\23553
|
| 801 |
|
2 |
|a RU
|b 63413507
|c 20201229
|g RCR
|
| 856 |
4 |
|
|u http://earchive.tpu.ru/handle/11683/46452
|
| 942 |
|
|
|c BK
|